000 01076nam a22003377a 4500
001 0051802
003 KOHA_MİRAKIL
005 20260207003818.0
007 ta
008 150629b2013 tu |||gr||||#||||0|tur |
020 _a9786051334349
040 _aTR-BiSEU
_btur
_cTR-BiSEU
_erda
041 0 _atur
044 _ctu
050 _aTA350
_b.K37 2013
100 1 _aKaraduman, Mustafa.
245 1 _aUygulamalı mekanik (statik) ve mukavemet :
_bmeslek yüksekokulları inşaat programı/
_cMustafa Karaduman ; Mustafa Karaduman, Ali Umucalılar.
264 1 _aAnkara :
_bNobel Yayınları
_c2013
300 _a64 sayfa; 25 cm.
336 _ametin
_btxt
_2rdacontent
337 _aaracısız
_bn
_2rdamedia
338 _acilt
_bnc
_2rdacarrier
490 1 _aNobel yayın no ;
_v537.
490 1 _aTeknik ve Matematik dizi no ;
_v74.
500 _aKaynakça var.
650 0 _aMukavemet.
_922364
650 0 _aUygulamalı mekanik.
_92196
830 1 _aNobel yayın no ;
_v537.
_91940
830 1 _aTeknik ve Matematik dizi no ;
_v74.
_996531
942 _2lcc
_cBK
999 _c51622
_d51622